Logo BPK

Biblioteka

Politechniki Koszalińskiej

Wprowadzenie do logistyki / (Rekord nr 41175)

Szczegóły MARC
000 -ETYKIETA REKORDU
podpole kontrolne o stałej długości 01432nmm a2200373 i 4500
001 - NUMER KONTROLNY REKORDU
pole kontrolne 41175
003 - IDENTYFIKATOR NUMERU KONTROLNEGO REKORDU
podpole kontrolne KOSZ 005
005 - DATA OSTATNIEJ MODYFIKACJI REKORDU
podpole kontrolne 20250401133639.0
006 - DANE KONTROLNE - DODATKOWA CHARAKTERYSTYKA DOKUMENTU
podpole kontrolne o stałej długości m f d |
007 - DANE KONTROLNE - FORMA FIZYCZNA DOKUMENTU
podpole kontrolne o stałej długości co cg nnnanaau
008 - POLE O STAŁEJ DŁUGOŚCI - DANE KONTROLNE
podpole kontrolne o stałej długości 080620s2008 pl fq d | pol|
020 ## - MIĘDZYNARODOWY ZNORMALIZOWANY NUMER KSIĄŻKI - ISBN
ISBN 9788373651548
040 ## - ŹRÓDŁO KATALOGOWANIA
Instytucja, która sporządziła opis WA N
Instytucja, która utworzyła rekord WA N
Instytucja, która dokonała modyfikacji KOSZ 005/HR
046 ## - DATY KODOWANE
Pojedyncza data lub początek okresu powstania dzieła lub zbioru dzieł 2008
080 ## - UNIWERSALNA KLASYFIKACJA DZIESIĘTNA - UKD
UKD 005.5
080 ## - UNIWERSALNA KLASYFIKACJA DZIESIĘTNA - UKD
UKD (0.034)
100 1# - NAZWA OSOBOWA
Nazwa osobowa Słowiński, Bronisław
Określenie rodzaju współpracy Autor
245 10 - TYTUŁ/ODPOWIEDZIALNOŚĆ
Tytuł Wprowadzenie do logistyki /
Pozostałe elementy strefy tytułu i oznaczenia odpowiedzialności Bronisław Słowiński ; red. Alina Leszczyńska.
256 ## - CECHY PLIKU
Cechy pliku Dane tekstowe.
260 ## - STREFA ADRESU WYDAWNICZEGO
Miejsce wydania Koszalin :
Nazwa wydawcy/dystrybutora Wydawnictwo Uczelniane Politechniki Koszalińskiej,
Data publikacji, dystrybucji/powstania dokumentu 2008.
300 ## - STREFA OPISU FIZYCZNEGO
Objętość 1 dysk optyczny (CD-ROM) :
Inne cechy fizyczne kolor ;
Rozmiary 12 cm.
380 ## - FORMA I TYP PUBLIKACJI
Forma i typ publikacji E-booki
500 ## - UWAGI OGÓLNE
Tekst uwagi Tyt. z etykiety na dysku.
538 ## - WYMAGANIA TECHNICZNE
Tekst uwagi Wymagania systemowe: IBM PC; Windows 98 lub nowszy; Adobe Reader; czytnik CD-ROM; mysz.
650 #4 - HASŁO PRZEDMIOTOWE W FORMIE NAZWY OGÓLNEJ LUB JEDNOSTKOWEJ
Nazwa ogólna lub geograficzna Logistyka gospodarcza
655 #4 - TERMIN INDEKSOWY - OKREŚLENIE RODZAJU/FORMY DOKUMENTU
Określenie rodzaju/formy dokumentu Podręczniki akademickie
655 #4 - TERMIN INDEKSOWY - OKREŚLENIE RODZAJU/FORMY DOKUMENTU
Określenie rodzaju/formy dokumentu Dokumenty elektroniczne
658 ## - TERMIN INDEKSOWY - PRZEDMIOT PROGRAMU NAUCZANIA
Główny przedmiot programu nauczania Transport i logistyka
700 1# - HASŁO DODATKOWE - NAZWA OSOBOWA
Nazwa osobowa Leszczyńska, Alina
Określenie związku między hasłem a opisywanym materiałem Redakcja
710 2# - HASŁO DODATKOWE - NAZWA CIAŁA ZBIOROWEGO
Nazwa ciała zbiorowego lub jednostki geograficznej Wydawnictwo Uczelniane (Politechnika Koszalińska)
Określenie związku między hasłem a opisywanym materiałem Wydawca
856 ## - LOKALIZACJA I DOSTĘP DO ELEKTRONICZNYCH DOKUMENTÓW ZDALNYCH
Link (URL) http://koha.tu.koszalin.pl/cgi-bin/koha/opac-detail.pl?biblionumber=41175
Tekst linku Katalog online BPK
856 ## - LOKALIZACJA I DOSTĘP DO ELEKTRONICZNYCH DOKUMENTÓW ZDALNYCH
Link (URL) http://dlibra.tu.koszalin.pl/dlibra/docmetadata?id=51&from=&dirids=1&ver_id=&lp=1&QI=
Tekst linku Biblioteka Cyfrowa
942 ## - DODATKOWE ELEMENTY (KOHA)
Schemat klasyfikacji Uniwersalna Klasyfikacja Dziesiętna
Typ dokumentu Płyta CD
Egzemplarze
Wycofany Status Uszkodzony Dostępność Lokalizacja stała Lokalizacja bieżąca Miejsce przechowywania Cena Sygnatura Kod kreskowy Dział Typ dokumentu Ostatnio wypożyczono Link
      Tylko na miejscu Biblioteka Politechniki Koszalińskiej Biblioteka Politechniki Koszalińskiej Czytelnia BG 4.10 CD 1508 02203140 0/9(0.034.2) Dokumenty elektroniczne Płyta CD    
      Przekazanie Biblioteka Politechniki Koszalińskiej Biblioteka Politechniki Koszalińskiej Wypożyczalnia BG 4.10 CD 1509 02203157   Płyta CD    
      Dostępny Biblioteka Politechniki Koszalińskiej Biblioteka Politechniki Koszalińskiej Wypożyczalnia BG 4.10 CD 1510 02203164   Płyta CD 13.06.2016  
      Dostępny Biblioteka Politechniki Koszalińskiej Biblioteka Politechniki Koszalińskiej Wypożyczalnia BG 4.10 CD 1511 02203171   Płyta CD 19.05.2015  
      Dostępny Biblioteka Politechniki Koszalińskiej Biblioteka Politechniki Koszalińskiej Wypożyczalnia BG 4.10 CD 1512 02203188   Płyta CD 21.09.2015  
      Dostępny Biblioteka Politechniki Koszalińskiej Biblioteka Politechniki Koszalińskiej Wypożyczalnia BG 4.10 CD 1513 02203195   Płyta CD 24.03.2015  
      Dostępny Biblioteka Politechniki Koszalińskiej Biblioteka Politechniki Koszalińskiej Wypożyczalnia BG 4.10 CD 1514 02203201   Płyta CD    
      Dostępny Biblioteka Politechniki Koszalińskiej Biblioteka Politechniki Koszalińskiej Wypożyczalnia BG 4.10 CD 1515 02203218   Płyta CD    
      Dostępny Biblioteka Politechniki Koszalińskiej Biblioteka Politechniki Koszalińskiej Wypożyczalnia BG 4.10 CD 1516 02203225   Płyta CD    
      Dostępny Biblioteka Politechniki Koszalińskiej Biblioteka Politechniki Koszalińskiej Wypożyczalnia BG 4.10 CD 1517 02203232   Płyta CD 09.01.2017  
      Dostępny Biblioteka Politechniki Koszalińskiej Biblioteka Politechniki Koszalińskiej Wypożyczalnia BG 4.10 CD 1518 02203249   Płyta CD 09.01.2017  
      Dostępny Biblioteka Politechniki Koszalińskiej Biblioteka Politechniki Koszalińskiej Wypożyczalnia BG 4.10 CD 1519 02203256   Płyta CD 31.03.2017  
      Dostępny w MBP Szczecinek Biblioteka Politechniki Koszalińskiej Biblioteka Politechniki Koszalińskiej MBP Szczecinek 4.10 CD 1520 02203263   Płyta CD 14.12.2015 https://www.szczecinek.ebiblioteka.net/?page=katalog
      Dostępny Biblioteka Politechniki Koszalińskiej Biblioteka Politechniki Koszalińskiej Wypożyczalnia BG 4.10 CD 1521 02203270   Płyta CD 30.11.2022  
© 2023 Biblioteka Politechniki Koszalińskiej :: KOHA